000 01724nam a2200385 i 4500
001 15655
003 ES-MaACL
005 20250802063058.0
007 t|
008 000504s1991 sp ||||1| spa d
017 _aM 36897-1991
_bOficina Depósito Legal Madrid
020 _a84-7100-206-X
080 _a982"1810/1817"
100 1 _aAcevedo, Edberto Óscar
_eaut
_918229
245 1 3 _aLa independencia de Argentina /
_cEdberto Óscar Acevedo
260 _aMadrid :
_bMAPFRE,
_c[1991]
300 _a301 páginas ;
_c23 cm
490 1 _aColección Independencia de Iberoamérica ;
_v1
_9179057
490 1 _aColecciones MAPFRE 1492
_9241455
500 _aÍndices
500 _aCronología
504 _aBibliografía: páginas [283]-293
505 0 _aHombre e ideas antes de la revolución; Las opciones hacia 1810; La revolución: de la Junta a la Asamblea; La independencia: de la Asamblea al Congreso; Crisis del Gobierno nacional; El Perú y el Plata; Del Alto Perú a Bolivia; De la Banda Oriental al Uruguay; De los proyectos a la realidad argentina
530 _aDisponible en formato digital
651 4 _aArgentina-
_xHistoria-
_y1810-1817, Guerra de la Independencia
_97808
710 2 _aFundación MAPFRE América
_eisb
_94363
710 2 _aFundación MAPFRE
_eedt
_94362
830 0 0 _aColección Independencia de Iberoamérica ;
_v1
_9179057
830 0 _aColecciones MAPFRE 1492
_9241455
852 _aES-MaACL
_bR.124057
_cDEPO2
_jL-23019
856 _uhttps://archive.org/details/acevedo-e.-o.-la-independencia-de-argentina-1992/mode/2up
_yVersión en línea
_z(Internet Archive)
942 _2udc
_cMONOGRAFIA
_n0
999 _c15655
_d15655